00851 a2200193 45000010006000000050017000060080041000230030015000640400040000790800031001192450062001502500013002122640052002253000019002775050295002960410008005911000030005997000028006295448420260407155817.0260407a1978 arg spa dAR-UNSa-BCEJYS aAR-UNSa-BCEJYSbspacAR-UNSa-BCEJYS a330xEconomía en general10aIntrodução à economiapuna abordagem estruturalista a18a. ed. 1aRio de Janeiro :bForense-Universitáriac1978 a162 p.c21 cm. aI. O sistema económico - II. O sistemna económico - III. A circulação no sistema económico - IV. Relaçoes com o exterior - V. O sector público - VI. O sistema monetario-financiero - VII. A unidade produtora no sistema económico - VIII. A repartição do produto no sistema aspa1 aBarros de Castro, Antonio1 aLessa, Carlos Francisco